[Event "Barcelona Sant Marti op-B 17th"]
[Site "Barcelona"]
[Date "2015.07.13"]
[Round "1"]
[White "Branca, Colin"]
[Black "Corominas Garrido, Jordi"]
[Result "0-1"]
[WhiteElo "1850"]
[BlackElo "2017"]
[PlyCount "28"]
[EventDate "2015.07.13"]
[EventType "swiss"]
[EventRounds "9"]
[EventCountry "ESP"]
[SourceTitle "EXT 2016"]
[Source "ChessBase"]
[SourceDate "2015.10.08"]
[SourceVersion "1"]
[SourceVersionDate "2015.10.08"]
[SourceQuality "1"]

1. e4 e6 2. d4 d5 3. e5 c5 4. c3 Nc6 5. f4 Qb6 6. Nf3 Nh6 7. Bd3 Bd7 8. Bc2 cxd4 9. cxd4 Nb4 10. 0-0 Nxc2 11. Qxc2 Rc8 12. Qd1 Nf5 13. Nc3 Bb4 14. Rb1 Bxc3 0-1